000 004320000a22001690004500
003 LK-CoMWRAF
008 230817t ||||| |||| 00| 0 eng d
040 _aLK-CoMWRAF
_dLK-CoMWRAF
_eLK-CoMWRAF
041 _aeng
082 _a150
_bIBR
100 _aIbraheem, Buhari M.
245 _aHamavorsth athu oru waste
_bEllam avanaa
260 _aKattankudy
_Rahmath pathipakam
_c1987
300 _ap.105
650 _aIslam
942 _cBK
999 _c2885
_d2885